Plus grandes villes du Pays de Galles - Statistics

General Stats
  • This quiz has been taken 11 times
  • The average score is 3 of 10
Answer Stats
Ville % Correct
Cardiff
89%
Swansea
67%
Barry
22%
Wrexham
22%
Bridgend
11%
Cwmbran
11%
Llanelli
11%
Neath
11%
Newport
11%
Aberdare
0%
No matching quizzes found
Score Distribution
Percent of People with Each Score
Percentile by Number Answered
Your Score History
You have not taken this quiz